<?xml version="1.0" encoding="UTF-8"?><marc:collection xmlns:marc="http://www.loc.gov/MARC21/slim">
  <marc:record>
    <marc:leader>05442nas a2200745 c 4500</marc:leader>
    <marc:controlfield tag="001">01005376X</marc:controlfield>
    <marc:controlfield tag="003">DE-101</marc:controlfield>
    <marc:controlfield tag="005">20250507210948.0</marc:controlfield>
    <marc:controlfield tag="006">sq</marc:controlfield>
    <marc:controlfield tag="007">tu</marc:controlfield>
    <marc:controlfield tag="008">991118c18809999au f||p|  ||| 0||||1ger c</marc:controlfield>
    <marc:datafield tag="015" ind1=" " ind2=" ">
      <marc:subfield code="a">95,A47,1906</marc:subfield>
      <marc:subfield code="2">dnb</marc:subfield>
    </marc:datafield>
    <marc:datafield tag="016" ind1="7" ind2=" ">
      <marc:subfield code="2">DE-600</marc:subfield>
      <marc:subfield code="a">3576-2</marc:subfield>
    </marc:datafield>
    <marc:datafield tag="016" ind1="7" ind2=" ">
      <marc:subfield code="2">DE-101</marc:subfield>
      <marc:subfield code="a">01005376X</marc:subfield>
    </marc:datafield>
    <marc:datafield tag="022" ind1=" " ind2=" ">
      <marc:subfield code="a">0073-8484</marc:subfield>
    </marc:datafield>
    <marc:datafield tag="035" ind1=" " ind2=" ">
      <marc:subfield code="a">(DE-599)ZDB3576-2</marc:subfield>
    </marc:datafield>
    <marc:datafield tag="035" ind1=" " ind2=" ">
      <marc:subfield code="a">(OCoLC)705085761</marc:subfield>
    </marc:datafield>
    <marc:datafield tag="040" ind1=" " ind2=" ">
      <marc:subfield code="a">9001</marc:subfield>
      <marc:subfield code="b">ger</marc:subfield>
      <marc:subfield code="c">DE-101</marc:subfield>
      <marc:subfield code="d">9999</marc:subfield>
    </marc:datafield>
    <marc:datafield tag="041" ind1=" " ind2=" ">
      <marc:subfield code="a">ger</marc:subfield>
    </marc:datafield>
    <marc:datafield tag="042" ind1=" " ind2=" ">
      <marc:subfield code="a">zdb</marc:subfield>
    </marc:datafield>
    <marc:datafield tag="044" ind1=" " ind2=" ">
      <marc:subfield code="c">XA-AT</marc:subfield>
      <marc:subfield code="c">XA-DE</marc:subfield>
    </marc:datafield>
    <marc:datafield tag="082" ind1="7" ind2="4">
      <marc:subfield code="a">940</marc:subfield>
      <marc:subfield code="q">DE-101</marc:subfield>
      <marc:subfield code="2">22sdnb</marc:subfield>
    </marc:datafield>
    <marc:datafield tag="083" ind1="7" ind2=" ">
      <marc:subfield code="a">910</marc:subfield>
      <marc:subfield code="a">940</marc:subfield>
      <marc:subfield code="q">DE-600</marc:subfield>
      <marc:subfield code="2">22sdnb</marc:subfield>
    </marc:datafield>
    <marc:datafield tag="084" ind1=" " ind2=" ">
      <marc:subfield code="a">8,1</marc:subfield>
      <marc:subfield code="2">ssgn</marc:subfield>
    </marc:datafield>
    <marc:datafield tag="084" ind1=" " ind2=" ">
      <marc:subfield code="a">330</marc:subfield>
      <marc:subfield code="2">rpb</marc:subfield>
    </marc:datafield>
    <marc:datafield tag="084" ind1=" " ind2=" ">
      <marc:subfield code="a">NA 1000</marc:subfield>
      <marc:subfield code="2">rvk</marc:subfield>
    </marc:datafield>
    <marc:datafield tag="084" ind1=" " ind2=" ">
      <marc:subfield code="a">012000*zs</marc:subfield>
      <marc:subfield code="2">sbb</marc:subfield>
    </marc:datafield>
    <marc:datafield tag="110" ind1="2" ind2=" ">
      <marc:subfield code="0">(DE-588)1006454-0</marc:subfield>
      <marc:subfield code="0">https://d-nb.info/gnd/1006454-0</marc:subfield>
      <marc:subfield code="0">(DE-101)00403595X</marc:subfield>
      <marc:subfield code="a">Universität Wien</marc:subfield>
      <marc:subfield code="b">Institut für Österreichische Geschichtsforschung</marc:subfield>
      <marc:subfield code="e">Verfasser</marc:subfield>
      <marc:subfield code="4">aut</marc:subfield>
      <marc:subfield code="2">gnd</marc:subfield>
    </marc:datafield>
    <marc:datafield tag="245" ind1="1" ind2="0">
      <marc:subfield code="a">Mitteilungen des Instituts für Österreichische Geschichtsforschung</marc:subfield>
      <marc:subfield code="b">MIÖG</marc:subfield>
    </marc:datafield>
    <marc:datafield tag="246" ind1="1" ind2=" ">
      <marc:subfield code="i">Zitiertitel</marc:subfield>
      <marc:subfield code="a">MIÖG</marc:subfield>
    </marc:datafield>
    <marc:datafield tag="247" ind1="0" ind2="0">
      <marc:subfield code="a">Mittheilungen des Instituts für Österreichische Geschichtsforschung</marc:subfield>
      <marc:subfield code="f">Hauptsacht. bis 25.1904</marc:subfield>
    </marc:datafield>
    <marc:datafield tag="264" ind1="3" ind2="1">
      <marc:subfield code="a">Wien</marc:subfield>
      <marc:subfield code="a">Köln</marc:subfield>
      <marc:subfield code="a">Weimar</marc:subfield>
      <marc:subfield code="b">Böhlau</marc:subfield>
      <marc:subfield code="c">1880-</marc:subfield>
    </marc:datafield>
    <marc:datafield tag="264" ind1="2" ind2="1">
      <marc:subfield code="3">1880-1923</marc:subfield>
      <marc:subfield code="a">Innsbruck</marc:subfield>
      <marc:subfield code="b">Wagner</marc:subfield>
    </marc:datafield>
    <marc:datafield tag="264" ind1="2" ind2="1">
      <marc:subfield code="3">1948-1991</marc:subfield>
      <marc:subfield code="a">Wien</marc:subfield>
      <marc:subfield code="a">Köln</marc:subfield>
      <marc:subfield code="a">Graz</marc:subfield>
      <marc:subfield code="b">Böhlau</marc:subfield>
    </marc:datafield>
    <marc:datafield tag="264" ind1="2" ind2="1">
      <marc:subfield code="3">-2013</marc:subfield>
      <marc:subfield code="a">Wien</marc:subfield>
      <marc:subfield code="a">Köln</marc:subfield>
      <marc:subfield code="a">Weimar</marc:subfield>
      <marc:subfield code="b">Böhlau</marc:subfield>
    </marc:datafield>
    <marc:datafield tag="264" ind1="2" ind2="1">
      <marc:subfield code="3">-2013</marc:subfield>
      <marc:subfield code="a">München</marc:subfield>
      <marc:subfield code="b">Oldenbourg</marc:subfield>
    </marc:datafield>
    <marc:datafield tag="264" ind1="2" ind2="1">
      <marc:subfield code="3">früher</marc:subfield>
      <marc:subfield code="a">Wien</marc:subfield>
      <marc:subfield code="a">München</marc:subfield>
      <marc:subfield code="b">Oldenbourg</marc:subfield>
    </marc:datafield>
    <marc:datafield tag="336" ind1=" " ind2=" ">
      <marc:subfield code="a">Text</marc:subfield>
      <marc:subfield code="b">txt</marc:subfield>
      <marc:subfield code="2">rdacontent</marc:subfield>
    </marc:datafield>
    <marc:datafield tag="337" ind1=" " ind2=" ">
      <marc:subfield code="a">ohne Hilfsmittel zu benutzen</marc:subfield>
      <marc:subfield code="b">n</marc:subfield>
      <marc:subfield code="2">rdamedia</marc:subfield>
    </marc:datafield>
    <marc:datafield tag="338" ind1=" " ind2=" ">
      <marc:subfield code="a">Band</marc:subfield>
      <marc:subfield code="b">nc</marc:subfield>
      <marc:subfield code="2">rdacarrier</marc:subfield>
    </marc:datafield>
    <marc:datafield tag="362" ind1="0" ind2=" ">
      <marc:subfield code="a">1.1880 - 39.1922/23,2; 56.1948 -</marc:subfield>
    </marc:datafield>
    <marc:datafield tag="363" ind1="0" ind2="0">
      <marc:subfield code="8">1.1\x</marc:subfield>
      <marc:subfield code="a">1</marc:subfield>
      <marc:subfield code="i">1880</marc:subfield>
    </marc:datafield>
    <marc:datafield tag="363" ind1="1" ind2="0">
      <marc:subfield code="8">1.2\x</marc:subfield>
      <marc:subfield code="a">39</marc:subfield>
      <marc:subfield code="b">2</marc:subfield>
      <marc:subfield code="i">1922/23</marc:subfield>
    </marc:datafield>
    <marc:datafield tag="363" ind1="0" ind2="1">
      <marc:subfield code="8">2.1\x</marc:subfield>
      <marc:subfield code="a">56</marc:subfield>
      <marc:subfield code="i">1948</marc:subfield>
    </marc:datafield>
    <marc:datafield tag="365" ind1=" " ind2=" ">
      <marc:subfield code="b">: DM 168.00 (jährl.), S 1180.00 (jährl.)</marc:subfield>
    </marc:datafield>
    <marc:datafield tag="500" ind1=" " ind2=" ">
      <marc:subfield code="a">Repr.: Amsterdam : Swets &amp; Zeitlinger</marc:subfield>
    </marc:datafield>
    <marc:datafield tag="591" ind1=" " ind2=" ">
      <marc:subfield code="a">F/B!hbz!</marc:subfield>
    </marc:datafield>
    <marc:datafield tag="650" ind1=" " ind2="7">
      <marc:subfield code="0">(DE-588)4020535-6</marc:subfield>
      <marc:subfield code="0">https://d-nb.info/gnd/4020535-6</marc:subfield>
      <marc:subfield code="0">(DE-101)040205355</marc:subfield>
      <marc:subfield code="a">Geschichtswissenschaft</marc:subfield>
      <marc:subfield code="9">rswk-swf</marc:subfield>
      <marc:subfield code="2">gnd</marc:subfield>
    </marc:datafield>
    <marc:datafield tag="651" ind1=" " ind2="7">
      <marc:subfield code="0">(DE-588)4043271-3</marc:subfield>
      <marc:subfield code="0">https://d-nb.info/gnd/4043271-3</marc:subfield>
      <marc:subfield code="0">(DE-101)040432718</marc:subfield>
      <marc:subfield code="a">Österreich</marc:subfield>
      <marc:subfield code="9">rswk-swf</marc:subfield>
      <marc:subfield code="2">gnd</marc:subfield>
    </marc:datafield>
    <marc:datafield tag="655" ind1=" " ind2="7">
      <marc:subfield code="0">(DE-588)4067488-5</marc:subfield>
      <marc:subfield code="0">https://d-nb.info/gnd/4067488-5</marc:subfield>
      <marc:subfield code="0">(DE-101)040674886</marc:subfield>
      <marc:subfield code="a">Zeitschrift</marc:subfield>
      <marc:subfield code="2">gnd-content</marc:subfield>
    </marc:datafield>
    <marc:datafield tag="689" ind1="0" ind2="0">
      <marc:subfield code="0">(DE-588)4043271-3</marc:subfield>
      <marc:subfield code="0">https://d-nb.info/gnd/4043271-3</marc:subfield>
      <marc:subfield code="0">(DE-101)040432718</marc:subfield>
      <marc:subfield code="D">g</marc:subfield>
      <marc:subfield code="a">Österreich</marc:subfield>
    </marc:datafield>
    <marc:datafield tag="689" ind1="0" ind2="1">
      <marc:subfield code="0">(DE-588)4020535-6</marc:subfield>
      <marc:subfield code="0">https://d-nb.info/gnd/4020535-6</marc:subfield>
      <marc:subfield code="0">(DE-101)040205355</marc:subfield>
      <marc:subfield code="D">s</marc:subfield>
      <marc:subfield code="a">Geschichtswissenschaft</marc:subfield>
    </marc:datafield>
    <marc:datafield tag="689" ind1="0" ind2=" ">
      <marc:subfield code="5">DE-101</marc:subfield>
      <marc:subfield code="5">DE-101</marc:subfield>
    </marc:datafield>
    <marc:datafield tag="770" ind1="0" ind2="8">
      <marc:subfield code="i">Supplement</marc:subfield>
      <marc:subfield code="t">Kunstgeschichtliche Anzeigen</marc:subfield>
      <marc:subfield code="d">Graz ; Wien ; Köln : Böhlau, 1904-1967</marc:subfield>
      <marc:subfield code="x">0023-5490</marc:subfield>
      <marc:subfield code="w">(DE-600)392-X</marc:subfield>
      <marc:subfield code="w">(DE-101)010003258</marc:subfield>
    </marc:datafield>
    <marc:datafield tag="776" ind1="0" ind2="8">
      <marc:subfield code="i">Erscheint auch als</marc:subfield>
      <marc:subfield code="n">Online-Ausgabe</marc:subfield>
      <marc:subfield code="a">Universität Wien / Institut für Österreichische Geschichtsforschung</marc:subfield>
      <marc:subfield code="t">Mitteilungen des Instituts für Österreichische Geschichtsforschung</marc:subfield>
      <marc:subfield code="d">Wien ; Köln ; Weimar : Böhlau, 1880-</marc:subfield>
      <marc:subfield code="h">Online-Ressource</marc:subfield>
      <marc:subfield code="x">2307-2903</marc:subfield>
      <marc:subfield code="w">(DE-600)2762189-3</marc:subfield>
      <marc:subfield code="w">(DE-101)1048504581</marc:subfield>
    </marc:datafield>
    <marc:datafield tag="785" ind1="0" ind2="8">
      <marc:subfield code="i">39.1922/23,3 - 54.1942</marc:subfield>
      <marc:subfield code="a">Österreichisches Institut für Geschichtsforschung</marc:subfield>
      <marc:subfield code="t">Mitteilungen des Österreichischen Instituts für Geschichtsforschung</marc:subfield>
      <marc:subfield code="d">Innsbruck : Wagner, 1922-1942</marc:subfield>
      <marc:subfield code="w">(DE-600)958240-X</marc:subfield>
      <marc:subfield code="w">(DE-101)010073426</marc:subfield>
    </marc:datafield>
    <marc:datafield tag="785" ind1="0" ind2="8">
      <marc:subfield code="i">55.1944</marc:subfield>
      <marc:subfield code="a">Institut für Geschichtsforschung und Archivwissenschaft</marc:subfield>
      <marc:subfield code="t">Mitteilungen des Instituts für Geschichtsforschung und Archivwissenschaft in Wien</marc:subfield>
      <marc:subfield code="d">Innsbruck : [Verlag nicht ermittelbar], 1944-1944</marc:subfield>
      <marc:subfield code="w">(DE-600)958239-3</marc:subfield>
      <marc:subfield code="w">(DE-101)01007340X</marc:subfield>
    </marc:datafield>
    <marc:datafield tag="787" ind1="0" ind2="8">
      <marc:subfield code="i">Ergänzung</marc:subfield>
      <marc:subfield code="n">Erg.bd. ab 5.1885</marc:subfield>
      <marc:subfield code="a">Universität Wien / Institut für Österreichische Geschichtsforschung</marc:subfield>
      <marc:subfield code="t">Mitteilungen des Instituts für Österreichische Geschichtsforschung / Ergänzungsband. Ergänzungsband</marc:subfield>
      <marc:subfield code="d">Wien : Böhlau, 1885-</marc:subfield>
      <marc:subfield code="w">(DE-600)206069-3</marc:subfield>
      <marc:subfield code="w">(DE-101)011184574</marc:subfield>
    </marc:datafield>
    <marc:datafield tag="787" ind1="0" ind2="8">
      <marc:subfield code="i">Index</marc:subfield>
      <marc:subfield code="a">Österreichisches Institut für Geschichtsforschung</marc:subfield>
      <marc:subfield code="t">Mitteilungen des Österreichischen Instituts für Geschichtsforschung / Inhaltsverzeichnis der Mitteilungen des Österreichischen Instituts für Geschichtsforschung Band ..., Ergänzungsband. Inhaltsverzeichnis der Mitteilungen des Österreichischen Instituts für Geschichtsforschung Band ..., Ergänzungsband</marc:subfield>
      <marc:subfield code="d">Innsbruck : Wagner, 1932-</marc:subfield>
      <marc:subfield code="w">(DE-600)1484275-0</marc:subfield>
      <marc:subfield code="w">(DE-101)019771398</marc:subfield>
    </marc:datafield>
    <marc:datafield tag="787" ind1="0" ind2="8">
      <marc:subfield code="i">Index</marc:subfield>
      <marc:subfield code="a">Universität Wien / Institut für Österreichische Geschichtsforschung</marc:subfield>
      <marc:subfield code="t">Mitteilungen des Instituts für Österreichische Geschichtsforschung / Register zu MIÖG ..., den Ergänzungsbänden ... und den Veröffentlichungen. Register zu MIÖG ..., den Ergänzungsbänden ... und den Veröffentlichungen ...</marc:subfield>
      <marc:subfield code="d">Wien ; München : Oldenbourg, 1998-</marc:subfield>
      <marc:subfield code="w">(DE-600)1475557-9</marc:subfield>
      <marc:subfield code="w">(DE-101)019685963</marc:subfield>
    </marc:datafield>
    <marc:datafield tag="787" ind1="0" ind2="8">
      <marc:subfield code="i">Index</marc:subfield>
      <marc:subfield code="a">Universität Wien / Institut für Österreichische Geschichtsforschung</marc:subfield>
      <marc:subfield code="t">Mitteilungen des Instituts für Österreichische Geschichtsforschung / Inhaltsverzeichnis der Mittheilungen des Instituts für Österreichische Geschichtsforschung Band ..., Ergänzungsband .... Inhaltsverzeichnis der Mitteilungen des Instituts für Österreichische Geschichtsforschung Band ..., Ergänzungsband ...</marc:subfield>
      <marc:subfield code="d">Innsbruck : Wagner, 1889-1909</marc:subfield>
      <marc:subfield code="w">(DE-600)1475548-8</marc:subfield>
      <marc:subfield code="w">(DE-101)019685882</marc:subfield>
    </marc:datafield>
    <marc:datafield tag="787" ind1="0" ind2="8">
      <marc:subfield code="i">Index</marc:subfield>
      <marc:subfield code="a">Universität Wien / Institut für Österreichische Geschichtsforschung</marc:subfield>
      <marc:subfield code="t">Mitteilungen des Instituts für Österreichische Geschichtsforschung / Register zu den Bänden ..., den Ergänzungsbänden ... und den Veröffentlichungen. Register zu den Bänden ..., den Ergänzungsbänden ... und den Veröffentlichungen</marc:subfield>
      <marc:subfield code="d">Wien ; Köln : Böhlau, 1960-1991</marc:subfield>
      <marc:subfield code="w">(DE-600)1475132-X</marc:subfield>
      <marc:subfield code="w">(DE-101)019681798</marc:subfield>
    </marc:datafield>
    <marc:datafield tag="850" ind1=" " ind2=" ">
      <marc:subfield code="a">DE-101a</marc:subfield>
      <marc:subfield code="a">DE-101b</marc:subfield>
    </marc:datafield>
    <marc:datafield tag="889" ind1=" " ind2=" ">
      <marc:subfield code="w">(DE-101)94482806X</marc:subfield>
    </marc:datafield>
    <marc:datafield tag="925" ind1="r" ind2=" ">
      <marc:subfield code="a">ra</marc:subfield>
    </marc:datafield>
  </marc:record>
</marc:collection>
